Bear Lake Athapaskan kinship and task group formation /
Revised version of doctoral thesis. Bear Lake people, Sahtugot'inc, are a group of northeastern Athapaskan Indians who reside in Fort Franklin, NWT. Contains a cultural description of kinship, friendship and the formation of task groups such as fishing, hunting and trapping parties.
| Cote: | Libro Electrónico |
|---|---|
| Auteur principal: | |
| Format: | Électronique eBook |
| Langue: | Inglés |
| Publié: |
[Ottawa] :
National Museums of Canada,
1984.
|
| Collection: | Mercury series.
Paper (Canadian Ethnology Service) ; no. 96. |
| Sujets: | |
| Accès en ligne: | Texto completo |
MARC
| LEADER | 00000cam a2200000 a 4500 | ||
|---|---|---|---|
| 001 | JSTOR_ocn654157916 | ||
| 003 | OCoLC | ||
| 005 | 20231005004200.0 | ||
| 006 | m o d | ||
| 007 | cr un||||a|a|| | ||
| 008 | 100809s1984 onca ob f000 0 eng d | ||
| 040 | |a OCLCE |b eng |e pn |c OCLCE |d OCLCQ |d OCLCO |d OCLCQ |d OCLCA |d JSTOR |d OCLCF |d AU@ |d P@U |d INARC |d UX1 |d OCLCQ |d OCLCO |d OCL |d OCLCQ |d OCLCA |d OCLCO |d OCLCA |d OCLCO | ||
| 019 | |a 1057940286 |a 1132664684 |a 1175640802 | ||
| 020 | |a 1772822590 |q (electronic bk.) | ||
| 020 | |a 9781772822595 |q (electronic bk.) | ||
| 029 | 1 | |a AU@ |b 000074636720 | |
| 035 | |a (OCoLC)654157916 |z (OCoLC)1057940286 |z (OCoLC)1132664684 |z (OCoLC)1175640802 | ||
| 037 | |a 22573/ctt233v10p |b JSTOR | ||
| 041 | 0 | |a eng |b fre | |
| 043 | |a n-cn-nt | ||
| 050 | 4 | |a E99.A86 |b R87 1984 | |
| 082 | 0 | 4 | |a 971.9/200497 |2 19 |
| 049 | |a UAMI | ||
| 100 | 1 | |a Rushforth, Scott. | |
| 245 | 1 | 0 | |a Bear Lake Athapaskan kinship and task group formation / |c Scott Rushforth. |
| 260 | |a [Ottawa] : |b National Museums of Canada, |c 1984. | ||
| 300 | |a 1 online resource (xii, 204 pages) : |b illustrations | ||
| 336 | |a text |b txt |2 rdacontent | ||
| 337 | |a computer |b c |2 rdamedia | ||
| 338 | |a online resource |b cr |2 rdacarrier | ||
| 490 | 1 | |a Mercury series / National Museum of Man, |x 0316-1854 = |a Collection Mercure | |
| 490 | 1 | |a Paper / Canadian Ethnology Service, |x 0316-1862 ; |v no. 96 = |a Dossier / Le Service canadien d'Ethnologie ; |v no 96 | |
| 504 | |a Includes bibliographical references (pages 176-184). | ||
| 520 | |a Revised version of doctoral thesis. Bear Lake people, Sahtugot'inc, are a group of northeastern Athapaskan Indians who reside in Fort Franklin, NWT. Contains a cultural description of kinship, friendship and the formation of task groups such as fishing, hunting and trapping parties. | ||
| 588 | 0 | |a Print version record. | |
| 590 | |a JSTOR |b Books at JSTOR All Purchased | ||
| 590 | |a JSTOR |b Books at JSTOR Demand Driven Acquisitions (DDA) | ||
| 650 | 0 | |a Athapascan Indians |x Kinship. | |
| 650 | 0 | |a Athapascan Indians |x Hunting. | |
| 650 | 0 | |a Indians of North America |x Kinship |z Northwest Territories. | |
| 650 | 0 | |a Indians of North America |x Hunting |z Northwest Territories. | |
| 650 | 0 | |a Indians of North America |z Northwest Territories |x Economic conditions. | |
| 650 | 0 | |a Athapascan Indians |x Economic conditions. | |
| 651 | 0 | |a Great Bear Lake (N.W.T.) | |
| 650 | 6 | |a Peuples autochtones |z Territoires du Nord-Ouest |z Fort Franklin. | |
| 650 | 6 | |a Athapascan |x Parenté. | |
| 651 | 6 | |a Ours, Grand lac de l' (T.N.-O.) | |
| 650 | 6 | |a Athapascan |x Chasse. | |
| 650 | 6 | |a Premières Nations |z Territoires du Nord-Ouest |x Conditions économiques. | |
| 650 | 6 | |a Athapascan |x Conditions économiques. | |
| 650 | 7 | |a Athapascan Indians |x Economic conditions |2 fast | |
| 650 | 7 | |a Indians of North America |x Economic conditions |2 fast | |
| 650 | 7 | |a Indians of North America |x Hunting |2 fast | |
| 650 | 7 | |a Indians of North America |x Kinship |2 fast | |
| 651 | 7 | |a Northwest Territories |z Great Bear Lake |2 fast | |
| 651 | 7 | |a Northwest Territories |2 fast | |
| 650 | 7 | |a Indiens |z Canada |z Territoire du Nord-Ouest |x Parenté. |2 ram | |
| 650 | 7 | |a Indiens |z Canada |z Territoire du Nord-Ouest |x Travail. |2 ram | |
| 776 | 0 | 8 | |i Print version: |a Rushforth, Scott. |t Bear Lake Athapaskan kinship and task group formation. |d [Ottawa] : National Museums of Canada, 1984 |w (DLC) 86194029 |w (OCoLC)11270995 |
| 830 | 0 | |a Mercury series. | |
| 830 | 0 | |a Paper (Canadian Ethnology Service) ; |v no. 96. | |
| 856 | 4 | 0 | |u https://jstor.uam.elogim.com/stable/10.2307/j.ctv16ssp |z Texto completo |
| 938 | |a Internet Archive |b INAR |n bearlakeathapask0000rush | ||
| 938 | |a Project MUSE |b MUSE |n muse75346 | ||
| 994 | |a 92 |b IZTAP | ||


